000 00890cam a2200205 4500
001 WB3719-22
008 000000n2001 000 0 eng u
035 _a(Sirsi) u112608
245 _aVirtual property market
260 _c2001
490 _aScotsman
_v14 May 2001, 22(2)
520 _aDescribes the setting up of the new online tendering service Virtual Property Market (VPM), which went live at the end of April 2001. The service aims to bring together clients and suppliers in a more efficient and economic way. While clients can log on to this new platform for free, suppliers are charged an annual subscription of £5,000, depending on the size of their company.
590 _aWB
650 _aE-COMMERCE
650 _aVIRTUAL PROPERTY MARKET
650 _aONLINE TENDERING
650 _aBUSINESS-TO-BUSINESS
690 _aINFORMATION TECHNOLOGY-INTERNET
942 _n0
999 _c67031
_d67031